[Event "Challenge"]
[Site "http://www.queenalice.com/game.php?id=169309"]
[Date "2007.2.15"]
[Round "-"]
[White "thiagobertolo"]
[Black "queiroga"]
[Result "1-0"]
[WhiteElo "1508"]
[BlackElo "1225"]

1. c4 e5 2. d4 exd4 3. Qxd4 Qf6 4. Nf3 Nc6 5. Qe4+ Qe6 6. Nc3 Bc5 7. Ng5 Qxe4 8.
Ncxe4 Bb4+ 9. Bd2 Nf6 10. Bxb4 Nxb4 11. Rc1 O-O 12. a3 h6 13. axb4 hxg5 14. Nxg5
d6 15. e4 Re8 16. Bd3 c5 17. b5 Bg4 18. h3 Bh5 19. g4 Bg6 20. f3 a5 21. bxa6
Rxa6 22. O-O Ra2 23. Rf2 Nh7 24. b3 Ra3 25. h4 Rxb3 26. Bc2 Rc3 27. Rd1 f6 28.
Nxh7 Bxh7 29. Rxd6 Rxc4 30. Rfd2 Kf8 31. h5 b5 32. Rd8 Rc3 33. Rxe8+ Kxe8 34.
Kf2 b4 35. Ba4+ Ke7 36. Rd7+ Kf8 37. Rd8+ Ke7 38. Re8+ Kf7 39. Rh8 Bg8 40. Be8+
Kf8 41. Ke2 b3 42. Kd2 Rc4 43. Bg6 Rb4 44. e5 b2 45. exf6 gxf6 46. h6 Rb7 47. h7
b1=Q 48. hxg8=Q+ Ke7 49. Rh7+ Kd6 50. Qf8+ Ke5 51. Qxc5+ Ke6 52. Bxb1 Rxb1 53.
Qe7+ Kd5 54. Qxf6 Kc4 55. Kc2 Rb3 56. Rd7 Rc3+ 57. Qxc3+ Kb5 58. Rb7+ Ka6 59.
Qb3 Ka5 60. Qb5# 1-0

[Event "Challenge"]
[Site "http://www.queenalice.com/game.php?id=169318"]
[Date "2007.2.15"]
[Round "-"]
[White "claudiocaire"]
[Black "thiagobertolo"]
[Result "1/2-1/2"]
[WhiteElo "1437"]
[BlackElo "1492"]

1. e4 c5 2. Bc4 Nf6 3. Qf3 Nc6 4. Nh3 Nb4 5. Kd1 a5 6. g4 d6 7. Ng5 Bxg4 8. Qxg4
Nxg4 9. Nxf7 Nxf2+ 10. Ke1 Qd7 11. Kxf2 Nxc2 12. a4 Nxa1 13. Bb5 Kxf7 14. Bxd7
Nb3 15. h4 Rd8 16. Bf5 g6 17. Bg4 h5 18. Bf3 Bg7 19. Rf1 Ke8 20. d3 Nxc1 21.
Rxc1 Bxb2 22. Rc2 Bd4+ 23. Ke2 Rf8 24. Nd2 Rf4 25. Nb3 Ra8 26. e5 Rxh4 27. Nxd4
Rxd4 28. Bxb7 Ra7 29. Bc6+ Kd8 30. e6 h4 31. Rb2 Kc7 32. Bb5 Rg4 33. Kf3 Rg1 34.
Kf2 Rg5 35. Be8 h3 36. Kf3 Kd8 37. Bc6 Kc7 38. Kf4 Rh5 39. Bf3 Rf5+ 40. Kg4 h2
41. Rxh2 d5 42. Bxd5 Rxd5 43. Rd2 Rd4+ 44. Kg5 Rxa4 45. Kxg6 Kd6 46. Kf7 Rf4+
47. Kg6 Kxe6 48. Kg5 Ke5 49. Re2+ Kd4 50. Kxf4 Kxd3 51. Re3+ Kc4 52. Ke5 Rc7 53.
Ra3 Kb4 54. Ra1 c4 55. Rb1+ Kc5 56. Ra1 Kb5 57. Kd5 a4 58. Rb1+ Ka5 59. Ra1 Kb5
60. Rb1+ Ka5 61. Ra1 c3 62. Rc1 a3 63. Kd4 a2 64. Kd3 Kb4 65. Kc2 Ka3 66. Rd1
Kb4 67. Rc1 Rd7 68. Ra1 Rd2+ 69. Kc1 Ka3 70. Rxa2+ Kxa2 1/2-1/2

[Event "Challenge"]
[Site "http://www.queenalice.com/game.php?id=172441"]
[Date "2007.2.22"]
[Round "-"]
[White "thiagobertolo"]
[Black "reginatto"]
[Result "1-0"]
[WhiteElo "1553"]
[BlackElo "1339"]

1. c4 e5 2. d4 Bb4+ 3. Bd2 Na6 4. e4 c6 5. a3 Ba5 6. Nf3 f6 7. b4 Bb6 8. Nc3
exd4 9. c5 dxc3 10. Bxc3 Bc7 11. Bc4 Bf4 12. Qb3 Ne7 13. g3 Bg5 14. e5 Rf8 15.
Rd1 b5 16. Bd3 Nd5 17. Bxh7 Nxc3 18. Qxc3 Rh8 19. Bg6+ Kf8 20. e6 Qe7 21. Nxg5
fxg5 22. Rd6 Rh6 23. Qf3+ Kg8 24. Be4 Rf6 25. Qh5 Rh6 26. Qf3 Rf6 27. Qg4 Rb8
28. exd7 Bb7 29. O-O Rf3 30. Qxf3 Rf8 31. Qg4 Qe5 32. d8=Q Rxd8 33. Rxd8+ Kf7
34. Qh5+ Ke7 35. Qe8+ Kf6 36. Qf8+ Ke6 37. Re8+ Kd7 38. Rxe5 1-0

[Event "If at first you don't succeed..."]
[Site "http://www.queenalice.com/game.php?id=172771"]
[Date "2007.2.23"]
[Round "-"]
[White "saavik"]
[Black "thiagobertolo"]
[Result "0-1"]
[WhiteElo "1544"]
[BlackElo "1490"]

1. e4 c5 2. Na3 d5 3. Bb5+ Bd7 4. exd5 a6 5. Ba4 Bxa4 6. b3 Bd7 7. Nc4 Nf6 8. d3
Nxd5 9. Nf3 g6 10. Bd2 Bg7 11. O-O Bxa1 12. Qxa1 f6 13. Ba5 b6 14. Bd2 Nc6 15.
a3 g5 16. Qe1 g4 17. Nh4 b5 18. Na5 Nxa5 19. Bxa5 Qb8 20. Qe4 e6 21. Qxg4 e5 22.
Qh5+ Ke7 23. Nf5+ Bxf5 24. Qxf5 b4 25. axb4 cxb4 26. c4 bxc3 27. Qe4 Qb5 28. b4
c2 29. Rc1 Nc3 30. Qe3 Na2 31. Rxc2 Qa4 32. Qc5+ Kf7 33. Qd5+ Kg6 34. Qe4+ Kg5
35. Bb6 f5 36. Qe3+ f4 37. Qxe5+ Kg6 38. Rc6+ Qxc6 39. Bc5 Rhe8 40. Qxe8+ Rxe8
41. h4 Kh5 42. Kf1 Qa4 43. g3 Kg4 44. Kg2 f3+ 45. Kh2 Qd1 46. b5 Qf1 47. bxa6
Qg2# 0-1

[Event "Challenge"]
[Site "http://www.queenalice.com/game.php?id=174921"]
[Date "2007.2.27"]
[Round "-"]
[White "MJ"]
[Black "thiagobertolo"]
[Result "1-0"]
[WhiteElo "1145"]
[BlackElo "1529"]

1. e4 c5 2. Qh5 g6 3. Qxc5 Bg7 4. f3 Qb6 5. Qxc8+ Qd8 6. Qxb7 Nc6 7. Ba6 Rb8 8.
Qb3 Rxb3 9. cxb3 Nb4 10. Kd1 Nxa6 11. Ne2 Nb4 12. d3 Nxd3 13. Be3 Nxb2+ 14. Kc2
Qc7+ 15. Nec3 d5 16. exd5 Nf6 17. Bd4 e5 18. Be3 Nxd5 19. Bg5 h6 20. Bh4 O-O 21.
Kxb2 Rc8 22. Rc1 e4 23. Bg3 Nxc3 24. Bxc7 Ne2+ 25. Nc3 Rxc7 26. Rc2 Nxc3 27.
Rac1 Ne2+ 28. Kb1 Rc3 29. Rxe2 Rd3 30. Rc8+ Kh7 31. Rxe4 Rd1+ 32. Kc2 Rh1 33.
Re7 g5 34. Rxf7 Rxh2 35. Rd8 Rxg2+ 36. Rd2 Rg3 37. b4 Kg6 38. Rxa7 Rxf3 39. Rd6+
Kh7 40. Rdd7 Rf2+ 41. Kb3 Kg6 42. Rxg7+ Kh5 43. Rad7 Rf3+ 44. Ka4 g4 45. Rd5+
Kh4 46. Rh7 g3 47. Rxh6+ Kg4 48. Rd2 Re3 49. Rg6+ Kf3 50. Rf6+ Ke4 51. Rf1 Rf3
52. Re2+ Kf4 53. Rg1 Rf2 54. Rxf2+ gxf2 55. Rf1 Kf3 56. b5 Ke2 57. Rxf2+ Kxf2
58. b6 Ke2 59. b7 Kd2 60. b8=Q Kc2 61. a3 Kc3 62. Kb5 Kb3 63. Qa8 Kb2 64. a4 Ka3
65. a5 Kb3 66. a6 Ka3 67. a7 Kb3 68. Qd5+ Ka3 69. a8=Q+ Kb2 70. Qd2+ Kb3 71.
Qd3+ Kb2 72. Qaa3# 1-0

[Event "Another Challenge..."]
[Site "http://www.queenalice.com/game.php?id=179949"]
[Date "2007.3.11"]
[Round "-"]
[White "thiagobertolo"]
[Black "saavik"]
[Result "0-1"]
[WhiteElo "1498"]
[BlackElo "1503"]

1. c4 d5 2. c5 e5 3. d4 Nc6 4. Nf3 Nf6 5. Bd2 Nxd4 6. Nxd4 exd4 7. b4 Ne4 8.
Qa4+ Bd7 9. b5 Bxc5 10. f3 Nc3 11. Bxc3 dxc3 12. Nxc3 Qg5 13. f4 Qh4+ 14. g3 Qh5
15. Rd1 O-O 16. Rxd5 Qg4 17. Rxc5 Qe6 18. e4 a6 19. f5 Qd6 20. Rd5 Qe7 21. e5
Bxf5 22. Bc4 axb5 23. Qxb5 Ra3 24. Ne2 c6 25. Qc5 Qxc5 26. Rxc5 g6 27. O-O Rd8
28. Nf4 Rc3 29. e6 fxe6 30. h3 Rd2 31. Bxe6+ Bxe6 32. Re5 Rxg3+ 33. Kh1 Bxh3 34.
Rg1 Rf3 35. Re4 Rdf2 36. Re2 Rxf4 37. Re3 Bg4 38. Reg3 Bf3+ 39. R3g2 Rh4# 0-1

[Event "Let's Play Chess!"]
[Site "http://www.queenalice.com/game.php?id=181469"]
[Date "2007.3.14"]
[Round "-"]
[White "thiagobertolo"]
[Black "Kensho"]
[Result "0-1"]
[WhiteElo "1560"]
[BlackElo "1425"]

1. c4 e6 2. d4 Nc6 3. e4 d5 4. f3 Nf6 5. e5 Nd7 6. Nc3 Qh4+ 7. g3 Qxd4 8. f4 Bb4
9. Ne2 Qxd1+ 10. Kxd1 Nb6 11. Nb5 O-O 12. a3 Be7 13. Nxc7 Rb8 14. Be3 Nxc4 15.
Bf2 Nxb2+ 16. Kc2 Bd8 17. Nb5 Nc4 18. Ned4 Bb6 19. Bxc4 dxc4 20. Nxc6 bxc6 21.
Bxb6 Rxb6 22. a4 a5 23. Rhd1 cxb5 24. axb5 Rxb5 25. Kc3 Rc5 26. Ra4 Ba6 27. Rb1
Ra8 28. Kd4 Rd5+ 29. Kc3 Rd3+ 30. Kc2 c3 31. Rxa5 Rd2+ 0-1

[Event "Challenge"]
[Site "http://www.queenalice.com/game.php?id=185000"]
[Date "2007.3.20"]
[Round "-"]
[White "san"]
[Black "thiagobertolo"]
[Result "0-1"]
[WhiteElo "1126"]
[BlackElo "1498"]

1. e4 d5 2. d3 dxe4 3. dxe4 Qxd1+ 4. Kxd1 Nf6 5. Bb5+ Bd7 6. Bd3 e5 7. Nf3 Bc5
8. Bf4 Ng4 9. Nc3 Nxf2+ 10. Ke2 Nxh1 11. Bxe5 Nf2 12. Bc4 Na6 13. Bxg7 Rg8 14.
Be5 Rxg2 15. Bxc7 Nxc7 16. Bd5 Nxe4+ 17. Kd3 Bf5 18. Rg1 Nf2+ 19. Kc4 Rxg1 20.
Nxg1 Be7 21. Bxb7 Rd8 22. Bc6+ Bd7 23. Nd5 Nxd5 24. Kxd5 Kf8 25. Bxd7 Rxd7+ 26.
Kc4 Rc7+ 27. Kb5 Rxc2 28. a4 Rxb2+ 29. Ka5 Rb6 30. Nf3 Bb4# 0-1

[Event "Challenge"]
[Site "http://www.queenalice.com/game.php?id=185002"]
[Date "2007.3.20"]
[Round "-"]
[White "thiagobertolo"]
[Black "sunflower"]
[Result "1-0"]
[WhiteElo "1531"]
[BlackElo "1676"]

1. c4 c5 2. d4 d6 3. d5 Nf6 4. Nc3 e6 5. e4 e5 6. Be2 Nxe4 7. Nxe4 Be7 8. Nf3
Bf5 9. Qc2 Qa5+ 10. Bd2 Qc7 11. Qa4+ Nd7 12. Ng3 Bg6 13. Ba5 b6 14. Bc3 a6 15.
h4 f5 16. h5 Bf7 17. Nxf5 Bf8 18. h6 gxh6 19. Qc2 b5 20. Nxh6 Bg6 21. Nf5 b4 22.
Bd2 Qb7 23. b3 Nf6 24. Bg5 Be7 25. Bxf6 Bxf6 26. Nxd6+ Kf8 27. Nxb7 Bxc2 28. Rh6
Bg7 29. Rh5 e4 30. Rf5+ Kg8 31. Rg5 exf3 32. gxf3 Re8 33. Rc1 Bg6 34. Nxc5 Ra8
35. d6 Rd8 36. Rd1 Bf8 37. Rgd5 Kg7 38. Ne6+ Kh6 39. Nxd8 Bg7 40. Ne6 Bc3+ 41.
Kf1 Bf7 42. Nf4 Bxd5 43. Rxd5 Rg8 44. d7 Bf6 45. Rh5+ Kg7 46. Ne6+ Kh8 47. c5 a5
48. c6 Ra8 49. c7 Re8 50. dxe8=Q# 1-0

[Event "Challenge"]
[Site "http://www.queenalice.com/game.php?id=185313"]
[Date "2007.3.21"]
[Round "-"]
[White "thiagobertolo"]
[Black "valmir"]
[Result "1-0"]
[WhiteElo "1496"]
[BlackElo "938"]

1. c4 e6 2. d4 b6 3. e4 Nf6 4. Bd3 h5 5. e5 Ng4 6. h3 Nh6 7. Qf3 c6 8. Qxh5 g6
9. Bxg6 Bb4+ 10. Bd2 Bf8 11. Nf3 Rg8 12. Bxh6 fxg6 13. Qg5 Qc7 14. Bxf8 Kxf8 15.
Qf6+ Ke8 16. Ng5 b5 17. Qf7+ Kd8 18. Qxg8+ Ke7 19. Qf7+ Kd8 20. Qf8# 1-0

[Event "Challenge"]
[Site "http://www.queenalice.com/game.php?id=185327"]
[Date "2007.3.21"]
[Round "-"]
[White "thiagobertolo"]
[Black "Tlaloc2k"]
[Result "0-1"]
[WhiteElo "1545"]
[BlackElo "1555"]

1. d4 d5 2. Nc3 e6 3. e3 Nf6 4. Bd3 a6 5. Nf3 Nc6 6. O-O Bd6 7. Ne2 Qe7 8. c3
Bd7 9. Qb3 b6 10. a4 Na5 11. Qa2 O-O 12. b4 Nc4 13. Bxc4 dxc4 14. Qxc4 b5 15.
axb5 Bxb5 16. Qa2 Bxe2 17. Qxe2 Nd5 18. Qd3 c6 19. e4 Nf4 20. Bxf4 Bxf4 21. Rxa6
Rac8 22. g3 Bc7 23. Rxc6 Rfd8 24. Ra1 Qf6 25. h4 Bxg3 26. Qa6 Bc7 27. Ng5 h6 28.
Nf3 Qxf3 29. e5 Qg4+ 30. Kf1 Qxh4 31. Qa7 Qh1+ 32. Ke2 Qxc6 33. Kd2 Qf3 34. Ke1
Qxc3+ 35. Ke2 Qxb4 36. Qa4 Qb2+ 37. Kd1 Rxd4+ 38. Qxd4 Qxd4+ 39. Kc2 Qxa1 40.
Kb3 Bxe5 41. f4 Qb1+ 42. Ka4 Ra8# 0-1

[Event "Challenge"]
[Site "http://www.queenalice.com/game.php?id=186853"]
[Date "2007.3.24"]
[Round "-"]
[White "thiagobertolo"]
[Black "valmir"]
[Result "1-0"]
[WhiteElo "1500"]
[BlackElo "948"]

1. e4 e6 2. d4 d6 3. Be3 Nf6 4. Bd3 d5 5. e5 Nfd7 6. Nc3 Qe7 7. Nb5 a5 8. Nxc7+
Kd8 9. Nxa8 Na6 10. Bb5 Qb4+ 11. Bd2 Qxb5 12. a4 Qc6 13. Bxa5+ Ke8 14. b4 Nxb4
15. Nc7+ Kd8 16. Nxd5+ Ke8 17. Nc7+ Kd8 18. Nxe6+ Ke7 19. Qg4 Nxc2+ 20. Ke2 Qc4+
21. Kd2 Nxa1 22. Bd8+ Ke8 23. Nf3 Qc2+ 24. Ke3 Qc3+ 25. Ke2 Qb2+ 26. Nd2 Nb3 27.
Rb1 Qxd2+ 28. Kf1 Qd3+ 29. Ke1 Nxd4 30. Rd1 Qc3+ 31. Rd2 Nc2+ 32. Kd1 Nxe5 33.
Qg5 Qa1+ 34. Kxc2 Nc4 35. Qb5+ Bd7 36. Qxd7# 1-0

[Event "thiagobertolo"]
[Site "http://www.queenalice.com/game.php?id=192934"]
[Date "2007.4.6"]
[Round "2"]
[White "thiagobertolo"]
[Black "valmir"]
[Result "1-0"]
[WhiteElo "1529"]
[BlackElo "993"]

1. c4 e5 2. Nc3 Nh6 3. e4 Qf6 4. Nd5 Qh4 5. Nxc7+ Kd8 6. g3 Qxe4+ 7. Be2 Kxc7 8.
f3 Qc6 9. d3 d5 10. Bxh6 gxh6 11. Rc1 Kd8 12. Qb3 a5 13. f4 Bb4+ 14. Kf1 dxc4
15. Qxc4 Bd7 16. Bf3 Ra6 17. Bxc6 Nxc6 18. fxe5 Bd2 19. Rc2 Be3 20. Ne2 Rb6 21.
Qxf7 Bh3+ 22. Ke1 Bg2 23. Qf6+ Kd7 24. e6+ Kd6 25. e7+ Kd5 26. Nc3+ Kc5 27. Rxg2
Re8 28. Ne4+ Kb5 29. Nd6+ Ka6 30. Nxe8 Bc5 31. Nc7+ Ka7 32. e8=Q Rb4 33. Qa8+
Kb6 34. Ne6 Bd4 35. Nxd4 Rxd4 36. Rc2 Ra4 37. Qxc6+ bxc6 38. Qxc6+ Ka7 39. Qxa4
Kb6 40. Qc6+ Ka7 41. Rc5 a4 42. Qc7+ Ka6 43. Ra5# 1-0

[Event "Amistoso"]
[Site "http://www.queenalice.com/game.php?id=195504"]
[Date "2007.4.12"]
[Round "-"]
[White "thiagobertolo"]
[Black "MCA"]
[Result "0-1"]
[WhiteElo "1560"]
[BlackElo "1499"]

1. c4 e6 2. d4 c5 3. e3 Nf6 4. Nf3 Bd6 5. Nc3 Qc7 6. d5 Ng4 7. Ng5 h5 8. h3 Nf6
9. Be2 h4 10. Nb5 Qb6 11. a4 a5 12. Bg4 Na6 13. dxe6 dxe6 14. Nxd6+ Ke7 15.
Ndxf7 Bd7 16. Nxh8 Rxh8 17. e4 Rd8 18. Qf3 Qb4+ 19. Ke2 Qxc4+ 20. Ke1 Nb4 21.
Qc3 Nc2+ 22. Kd2 Bxa4+ 23. Qd4 Rxd4# 0-1

[Event "thiagobertolo"]
[Site "http://www.queenalice.com/game.php?id=203063"]
[Date "2007.4.27"]
[Round "3"]
[White "san"]
[Black "thiagobertolo"]
[Result "0-1"]
[WhiteElo "1168"]
[BlackElo "1539"]

1. d4 d5 2. e3 c6 3. Nf3 Nf6 4. Ne5 Nbd7 5. Be2 e6 6. O-O Bd6 7. c4 Nxe5 8. dxe5
Bxe5 9. Bf3 O-O 10. Nd2 dxc4 11. Nxc4 Nd7 12. Bd2 Qh4 13. Qc1 Qxh2# 0-1

[Event "Let's Play Chess!"]
[Site "http://www.queenalice.com/game.php?id=255635"]
[Date "2007.8.14"]
[Round "-"]
[White "thiagobertolo"]
[Black "rogervolei"]
[Result "0-1"]
[WhiteElo "1514"]
[BlackElo "1716"]

1. c4 e6 2. d4 h6 3. e3 Bb4+ 4. Bd2 Qe7 5. c5 Nc6 6. Bxb4 Nxb4 7. a3 Nd5 8. e4
Ndf6 9. Nf3 Nxe4 10. Bd3 Ngf6 11. O-O b6 12. b4 Bb7 13. Nc3 Nxc3 14. Qb3 Nfe4
15. Rac1 Bd5 16. Qb2 Qf6 17. Bxe4 Nxe4 0-1